|
|
|
|
| LEADER |
00000nam a2200000 a 4500 |
| 001 |
UCK2185 |
| 003 |
CL-VaPUC |
| 008 |
041223e20040000UK |||||||||||||||||eng|d |
| 020 |
|
|
|a 0340807660
|
| 082 |
0 |
4 |
|a 401.93
|b MIT
|2 21
|
| 100 |
|
|
|a Mitchell, Rosamond
|e autora
|9 582418
|
| 700 |
0 |
|
|a Myles, Florence
|e author
|9 490000
|
| 245 |
1 |
0 |
|a Second language learning theories
|
| 250 |
|
|
|a 2a. ed
|
| 300 |
|
|
|a 303 p
|
| 942 |
|
|
|c BK
|
| 945 |
|
|
|d 20041223 00:00:00
|a cmena
|
| 260 |
|
|
|a Londres
|b Arnold
|c 2004
|
| 650 |
|
0 |
|a Adquisición del lenguaje
|9 309032
|
| 650 |
|
0 |
|a Lingüística
|9 265068
|
| 650 |
|
0 |
|a Aprendizaje
|9 254827
|
| 650 |
|
0 |
|a Educación lingüística
|9 306506
|
| 583 |
|
|
|a last modification
|c 20160909 12:03:53
|k Rodrigo Vera
|
| 999 |
|
|
|c 311804
|d 311802
|
| 952 |
|
|
|0 0
|1 0
|4 0
|6 401_930000000000000_MIT_2004
|7 0
|8 A
|9 381458
|a FDOPOS
|b FDOPOS
|d 2019-11-21
|i 4089855
|o 401.93 MIT 2004
|p 4089855
|r 2025-01-22
|w 2019-11-21
|y BK
|k MLA
|
| 952 |
|
|
|0 0
|1 0
|4 0
|6 401_930000000000000_MIT_2004
|7 0
|8 A
|9 381459
|a FDOPOS
|b FDOPOS
|d 2019-11-21
|i 4157117
|o 401.93 MIT 2004
|p 4157117
|r 2025-01-22
|w 2019-11-21
|y BK
|k MLA
|
| 952 |
|
|
|0 0
|1 0
|4 0
|6 401_930000000000000_MIT_2004
|7 0
|8 A
|9 381460
|a FDOPOS
|b FDOPOS
|d 2019-11-21
|i 4203402
|o 401.93 MIT 2004
|p 4203402
|r 2025-01-22
|w 2019-11-21
|y BK
|k MLA
|
| 952 |
|
|
|0 0
|1 0
|4 0
|6 401_930000000000000_MIT_2004
|7 0
|8 A
|9 381461
|a FDOPOS
|b FDOPOS
|d 2019-11-21
|i 4349164
|o 401.93 MIT 2004
|p 4349164
|r 2025-01-22
|w 2019-11-21
|y BK
|k MLA
|
| 952 |
|
|
|0 0
|1 0
|4 0
|6 401_930000000000000_MIT_2004
|7 0
|8 A
|9 381462
|a FDOPOS
|b FDOPOS
|d 2019-11-21
|i 4613953
|o 401.93 MIT 2004
|p 4613953
|r 2025-01-22
|w 2019-11-21
|y BK
|k DLA
|